000 00547cam a2200181 4500
001 D13698
008 090401t xxu||||| |||| 00| 0 eng d
035 _a(Sirsi) u11185
041 _aeng
100 _aRedmayne, Richard Augustine Studdert
_cSir
_d1865-1955
245 _aModern practice in mining. 2 vols
260 _bLongmans Green
_c1908-09
350 _a0
520 _aShelf 133; Vol 1 - Coal - its occurrence, value and methods of boring: vol 2 - The sinking of shafts
650 _aMINERAL VALUATION
942 _n0
948 _c04/03/1997
999 _c86826
_d86826